000 00265nam a2200121 a 4500
005 20140412111328.0
008 110118s19uu xx 00 eng d
050 _aER
_bJa11se
245 _aThe Selfish man.
260 _aJapan.
300 _aunp.
999 _c104788
_d104788